Historia de la vida del Buscón llamado don Pablos : (Registro nro. 10494)

Detalles MARC
000 -LIDER
fixed length control field 00901nam a22002657a 4500
001 - NÚMERO DE CONTROL
Identificador de número de control 0004188
003 - IDENTIFICACDOR DE NÚMERO DE CONTROL
control field DO-SdBNP
005 - DATE AND TIME OF LATEST TRANSACTION
control field 20160622110625.0
007 - CAMPOS FIJOS DE DESCRIPCIÓN FÍSICA
fixed length control field 0004188
008 - ELEMENTOS DE LONGITUD FIJA
fixed length control field 160622b 2001 sp xxu||||| |||| 00| 0 spa d
020 ## - ISBN
International Standard Book Number 8466303987
040 ## - FUENTE DE CATALOGACIÓN
Agencia que crea de manera original el registro BPMSU
Idioma de catalogación spa
Agencia que realiza la transcripción BPMSU
092 ## - LOCALLY ASSIGNED DEWEY DECIMAL CALL NUMBER
Número de clasificación xxxxx
Número de ítem (Cutter) xxxxx
100 1# - ASIENTO PRINCIPAL -- NOMBRE PERSONAL
Nombre personal Quevedo, Francisco de,
Fechas asociadas con el nombre (1580-1645).
245 10 - MENCIÓN DE TITULO
Título Historia de la vida del Buscón llamado don Pablos :
Subtítulo ejemplo de vagabundos y espejo de tacaños /
Mención de responsabilidad estudio y notas por Juan Luis Rodríguez Bravo.
246 10 - VARIACION DEL TÍTULO
Título propiamente dicho o título corto Historia de la vida del Buscón
250 ## - MENCIÓN DE EDICION
Mención de edición Edición y anotada comentada
260 ## - PUBLICACIÓN, DISTRIBUCIÓN, ETC. (PIE DE IMPRENTA)
Lugar de publicación, distribución, etc Barcelona :
Nombre del editor, distribuidor, etc. Suma de Letras,
Fecha de publicación, distribución, etc 2001.
300 ## - DESCRIPCIÓN FÍSICA
Extensión 318 p. ;
Dimensiones 18 cm.
490 1# - MENCIÓN DE SERIES
Mención de serie Punto de Lectura
Volume/sequential designation 300/7
700 12 - ASIENTO SECUNDARIO -- NOMBRE PERSONAL
Nombre personal Rodríguez Bravo, Juan Luis
830 #0 - ASIENTO SECUNDARIO DE SERIE--TÍTULO UNIFORME
Número de la parte o sección de una obra 300/7
Nombre de la parte o sección de una obra Punto de Lectura ;
942 ## - ADDED ENTRY ELEMENTS (KOHA)
Source of classification or shelving scheme Dewey Decimal Classification
Koha item type Libros
956 ## - LOCAL ELECTRONIC LOCATION AND ACCESS (OCLC)
Método de acceso LOPEREZ
Materiales especificados 10
Enlace 20160622
Campo enlazado y núm. de secuencia BPMSU
Nombre de host 00041
Existencias
Withdrawn status Lost status Source of classification or shelving scheme Damaged status Not for loan Collection code Home library Current library Date acquired Source of acquisition Total Checkouts Barcode Date last seen Copy number Price effective from Koha item type
    Dewey Decimal Classification       Biblioteca Pública Metropolitana Salomé Ureña Biblioteca Pública Metropolitana Salomé Ureña 06/22/2016 Alfaguara   BPMSU16060339 06/22/2016 ej. 1 06/22/2016 Libros